Saints in Indian folklore: (Record no. 39370)

000 -LEADER
fixed length control field 00422nam a22001571a 4500
020 ## - INTERNATIONAL STANDARD BOOK NUMBER
ISBN 9788122005233
082 ## - DEWEY DECIMAL CLASSIFICATION NUMBER
Classification number 398.095 4
Item number CHA/S
100 ## - MAIN ENTRY--AUTHOR NAME
Personal name Chanda S N
245 ## - TITLE STATEMENT
Title Saints in Indian folklore:
Sub Title tales of saints known in various parts of India/
Statement of responsibility, etc by Chanda S N
260 ## - PUBLICATION, DISTRIBUTION, ETC. (IMPRINT)
Place of publication Delhi:
Name of publisher Konark,
Year of publication 1998.
300 ## - PHYSICAL DESCRIPTION
Number of Pages 168p.
650 ## - SUBJECT ADDED ENTRY--TOPICAL TERM
Topical Term Folklore India
650 ## - SUBJECT ADDED ENTRY--TOPICAL TERM
Topical Term Folklore
650 ## - SUBJECT ADDED ENTRY--TOPICAL TERM
Topical Term Social Sciences
942 ## - ADDED ENTRY ELEMENTS (KOHA)
Koha item type Book
Holdings
Withdrawn status Lost status Damaged status Not for loan Permanent Location Current Location Date acquired Cost, normal purchase price Full call number Accession Number Cost, replacement price Price effective from Koha item type
        Sree Sankaracharya University of Sanskrit Sree Sankaracharya University of Sanskrit 08.01.2015 200.00 398.095 4 CHA/S 010103 0.00 08.01.2015 Book